Derecho, confianza y democracia (Registro nro. 163542)

Detalles MARC
000 -LEADER
fixed length control field 01477nam a22002657a 4500
007 - PHYSICAL DESCRIPTION FIXED FIELD--GENERAL INFORMATION
fixed length control field cr|||| ||||
008 - FIXED-LENGTH DATA ELEMENTS--GENERAL INFORMATION
fixed length control field 141009s2014 es |||||s|||| 00||0 spa d
020 ## - INTERNATIONAL STANDARD BOOK NUMBER
International Standard Book Number 978-84-15923-31-2
035 ## -
-- 12425
040 ## - CATALOGING SOURCE
Original cataloging agency vLex
090 ## -
-- 5196
-- 5196
100 1# - MAIN ENTRY--PERSONAL NAME
Personal name Betegón, Jerónimo
245 10 - TITLE STATEMENT
Title Derecho, confianza y democracia
Medium [Recurso electrónico] /
Statement of responsibility, etc Jerónimo Betegón, Juan Ramón de Páramo
256 ## -
-- Servicio en línea
260 ## - PUBLICATION, DISTRIBUTION, ETC. (IMPRINT)
Place of publication, distribution, etc Albacete:
Name of publisher, distributor, etc Editorial Bomarzo,
Date of publication, distribution, etc 2014
300 ## - PHYSICAL DESCRIPTION
Extent 1 recurso electrónico
500 ## - GENERAL NOTE
General note Algunas consideraciones sobre la relación entre los conflictos y la confianza. Derecho, confianza y vulnerabilidad estratégica. Crisis del Estado de bienestar y pérdida de confianza política. Confianza y justicia penal. De la ética pública al public compliance: sobre la prevención de la corrupción en las Administraciones públicas. La corrupción en España: rasgos y causas esenciales.
506 1# - RESTRICTIONS ON ACCESS NOTE
Terms governing access Disponible solo en los productos indicados
Authorized users vLex Global
-- vLex Global (Academic Edition, excluding Law Schools)
-- vLex Global (U.S. Academic Edition, Law Schools)
-- vLex Global (U.S. Academic Edition, excluding Law Schools)
-- vLex Global (Academic Edition, Law Schools)
650 04 - SUBJECT ADDED ENTRY--TOPICAL TERM
Topical term or geographic name as entry element Derecho Civil
Geographic subdivision España
700 1# - ADDED ENTRY--PERSONAL NAME
Personal name de Páramo, Juan Ramón
740 0# -
-- vLex Libros (Servicio en línea)
856 40 - LOCALIZACIÓN Y ACCESO ELECTRÓNICO
Identificador Uniforme del Recurso (URI/URL) https://app.vlex.com/#/sources/derecho-confianza-y-democracia-12425
942 ## -
-- RAA
999 ## -
-- 163542
-- 163542

No hay ítems disponibles.


CONTACTO


NOSOTROS


SITIOS DE INTERES

coordinacion.biblioteca.biblioteca@unienlinea.mx Misión, Visión y Objetivos Bases de datos
Directorio Bibliotecas Digitales y Repositorios
Normatividad Revistas y artículos
Convenios interbibliotecarios
Boletines



Hecho en México. Universidad Insurgentes (UIN). Todos los derechos reservados 2024. Esta página y sus contenidos pueden ser reproducidos con fines no lucrativos, siempre y cuando no se mutile, se cite la fuente completa y su dirección electrónicas. De otra forma requiere permiso previo por escrito de la institución




2024 Copyright Universidad Insurgentes | www.bibliouin.com.mx